| 000 | 00886nmm a2200289 a 4500 | ||
|---|---|---|---|
| 001 | ocm000712050 | ||
| 003 | TR-IsHL | ||
| 005 | 20201028124508.0 | ||
| 008 | 130902s2010 tu tur | ||
| 007 | cr cn | ||
| 020 | _a9786054429066 | ||
| 035 |
_a712050 _b(N$T) |
||
| 050 | 0 | 4 |
_aPS3623.A7374 _bB49 2010 |
| 090 | 0 | 4 |
_aPS3623.A7374 _bB49 2010 |
| 100 | 1 | _aWare, Joss | |
| 245 | 1 | 0 |
_aGecenin ötesi _h[electronic resource] / _cJoss Ware ; Murat Us |
| 250 | _a1. bs. | ||
| 260 |
_aİstanbul : _bArunas Yayıncılık, _c2010 |
||
| 300 | _a412 p. | ||
| 650 | 4 | _aDil ve Edebiyat | |
| 650 | 4 | _aLanguage and Literature | |
| 650 | 0 | _aAmerikan romanı | |
| 650 | 0 | _aAmerican fiction | |
| 650 | 7 |
_aLITERARY COLLECTIONS / American / General _2bisacsh |
|
| 700 | 1 | _aUs, Murat | |
| 856 | 4 | 0 | _uhttp://search.ebscohost.com/login.aspx?direct=true&scope=site&db=e011xww&AN=712050 |
| 999 |
_c2982 _d2982 |
||